Snina a okolie pohľad na sídlisko : Morské oko zo Sninského kameňa : Prímestská rekreačná oblasť Rybníky

Zobrazenie: Na bielom podklade pohľady na sídliko, na výhľad z vrchu Sninský Kameň na jazero a návštevníkov plážového kúpaliska v rekreačnej oblasti Sninské rybníky

Podrobná bibliografia
Ďalší autori: Čenková, Emília (Fotograf), Jiroušek, Alexander, 1934-2021 (Fotograf), Guzej, J. (fotograf) (Fotograf)
Médium: Fotografia
Jazyk:slovenčina
Fyzický popis:1 pohľadnica (4 čiastkové pohľady) farebná 15 x 11 cm
Vydavateľské údaje: Bratislava ČSTK-Pressfoto 1989
Predmet:

MARC

LEADER 00000ckm a2200000 a 4500
001 vtls001205724
003 SK-MaSNL
005 20260331202638.0
007 kf co
008 230718s1989 xo g 0kuslo
015 |a SNBG1989 
035 |a SNK000148794 
035 |a urn:nbn:sk:snk-km3lwdv 
035 |a 69AF503E-25BB-48B4-AB6E-690F991E1CEF 
035 |a urn:nbn:sk:snk-km00drap 
040 |a SNK  |b slo  |c SNK  |e AACR2 
041 0 |a slo 
043 |a e-xo--- 
044 |a xo  |c SK 
072 7 |a 913  |x Regionálna geografia  |2 konspekt 
080 |a 913(437.6)  |2 2011 
080 |a 711.426:69.056.52  |2 2011 
080 |a (188)-024.544  |2 2011 
080 |a 711.455  |2 2011 
080 |a 613.47  |2 2011 
080 |a (084.121)  |2 2011 
100 1 |a Čenková, Emília  |4 pht  |9 177114 
245 1 0 |a Snina a okolie  |h grafika  |b pohľad na sídlisko : Morské oko zo Sninského kameňa : Prímestská rekreačná oblasť Rybníky  |c foto: E. Čeňková, A. Jiroušek, J. Guzej ; výtvarný návrh: J. Smola 
246 1 |i Názov na obrazovej časti:  |a Snina a okolie 
260 |a Bratislava  |b ČSTK-Pressfoto  |c 1989  |e Skalica  |f Grafobal 
300 |a 1 pohľadnica (4 čiastkové pohľady)  |b farebná  |c 15 x 11 cm 
520 8 |a Zobrazenie: Na bielom podklade pohľady na sídliko, na výhľad z vrchu Sninský Kameň na jazero a návštevníkov plážového kúpaliska v rekreačnej oblasti Sninské rybníky 
650 0 7 |a panelové sídliská  |2 SNKPH  |9 84299 
650 0 7 |a rozhľadové miesta  |2 SNKPH  |9 105095 
650 0 7 |a rekreačné oblasti  |2 SNKPH  |9 69057 
650 0 7 |a plážové kúpaliská  |2 SNKPH  |9 85099 
651 7 |a Snina (Slovensko : okres)  |2 SNKPHgeo  |9 56337 
651 7 |a Snina (Slovensko)  |2 SNKPHgeo  |9 17361 
651 7 |a Sninské rybníky (Slovensko : rekreačná oblasť)  |2 SNKPHgeo  |9 51226 
651 7 |a Morské oko (Slovensko : jazero)  |2 SNKPHgeo  |9 160826 
651 7 |a Sninský kameň (Vihorlatské vrchy, Slovensko : vrch)  |2 SNKPHgeo  |9 174265 
655 7 |a miestne pohľadnice  |2 SNKPH  |9 70510 
700 1 |a Jiroušek, Alexander,  |d 1934-2021  |4 pht  |9 223957 
700 1 |a Guzej, J.  |c (fotograf)  |4 pht  |9 302955 
700 1 |a Smola, J.  |c (grafik)  |4 art  |9 283353 
852 |a Slovenská národná knižnica 
954 |a pohľadnice pôvodné (slovenské)  |2 lita 
958 |a GBN 
958 |a TL 
958 |a GC 
958 |a OND 
958 |a EUIPO 
999 |c 644694  |d 646624 
952 |a SNK  |b SNK  |y PREZ  |7 0  |p 17A1296570  |o snkSP 141843  |i snk1173/90  |0 0  |1 0  |4 0  |d 2019-04-04  |f 1  |l 0  |r 2026-02-23 18:03:49  |w 2026-02-23 
952 |a SNK  |b SNK  |y PREZ  |7 0  |p 17A1296581  |o snkSP 141843 D1  |i snk1174/90  |0 0  |1 0  |4 0  |d 2019-04-04  |l 0  |r 2026-02-23 18:03:49  |w 2026-02-23